Values in the Marketplace <The> American Stock Market Under Federal Securities Law

Gespeichert in:
Bibliographische Detailangaben
1. Verfasser: Burk, James
Format: Buch
Sprache:Englisch
Veröffentlicht: Berlin Gruyter 1988
Ausgabe:1. ed.
Tags: Tag hinzufügen
Keine Tags, Fügen Sie das erste Tag hinzu!

MARC

LEADER 00000nam a2200000 4500
001 c034656
005 20221219120809.6
041 0 |a eng 
044 |a DE 
245 1 0 |a Values in the Marketplace  |b <The> American Stock Market Under Federal Securities Law  |c James Burk 
250 |a 1. ed. 
264 1 |a Berlin  |b Gruyter  |c 1988 
300 |a 207 s. 
100 1 |a Burk, James